Die flächenmäßig größten Nationalparks der USA - Statistiken

Allgemein
  • Dieses Quiz wurde 78 mal gespielt
  • Das Durchschnittsergebnis liegt bei 3 aus 10
Antwortstatistiken
Bildquiz Hint Antwort % Korrekt
8.983,17 km² Yellowstone
91%
13.628 km² Death Valley
54%
19.185,79 km² Denali
35%
5.667,78 km² Everglades
34%
13.287 km² Glacier Bay
13%
10.602,02 km² Lake Clark
13%
30.448,11 km² Gates of the Arctic
12%
14.870,29 km² Katmai
12%
53.602 km² Wrangell St. Elias
10%
7.084,9 km² Kobuk Valley
9%
Keine übereinstimmenden Quizze gefunden
Verteilung der Resultate
Anzahl Personen mit jedem Resultat
Perzentil nach korrekt beantworteten Fragen
Ihre Resultats-Entwicklung
Sie haben dieses Quiz noch nicht gespielt